Oscar Arias: las razones del Premio Nobel /

El Premio Nobel concedido al presidente Oscar Arias S. fue causa de críticas por parte de algunos sectores, pues reclamaban que el Plan de Paz no se había cumplido. Pero, según Lopes, ese premio se le concede especialmente por su esfuerzo, audacia, como homenaje a su independencia, que busca poner f...

Celý popis

Uloženo v:
Podrobná bibliografie
Hlavní autor: Lopes, Gilberto
Médium: Text
Témata:
Tagy: Přidat tag
Žádné tagy, Buďte první, kdo vytvoří štítek k tomuto záznamu!

MARC

LEADER 00000 a a2200000 04500
001 12153
003
040
100 |a Lopes, Gilberto  
245 |a Oscar Arias:   |b las razones del Premio Nobel /  |c Gilberto Lopes 
520 |a El Premio Nobel concedido al presidente Oscar Arias S. fue causa de críticas por parte de algunos sectores, pues reclamaban que el Plan de Paz no se había cumplido. Pero, según Lopes, ese premio se le concede especialmente por su esfuerzo, audacia, como homenaje a su independencia, que busca poner fin a la guerra y, a la vez, darle solución a los problemas a que se enfrenta Centroamérica: es un premio al esfuerzo por lograr una armonía entre los pueblos centroamericanos. LOB/mb  
650 |a PAZ  
650 |a GUERRA  
650 |a INDEPENDENCIA  
650 |a PROBLEMAS SOCIALES  
650 |a DEMOCRATIZACION  
650 |a INTERVENCION EXTRANJERA  
650 |a POLITICA EXTERIOR  
650 |a NEUTRALIDAD  
773 |g número 46; páginas 4-7  
999 |c 34480  |d 34480